00889nam a2200229 i 4500001000700000003000900007005001700016007000300033008004100036080001400077100004100091245010100132260004600233300002100279490004800300650004600348700003700394830005600431852003200487999001900519952012100538146101ES-MaACL20230906201421.0t|070731s1982 sp ||||1| spa d a615.734.91 aTorres del Solar, Felipe de.911094513aEl agua muerta como fuente de vida / cpor Felipe de Torres del Solar y Carmen Caraballo Ortega. aZaragoza : bLibrería General, c[1982] a55 p. ; c19 cm.1 aColección de Vitacultura y Antroponomía14aAgua destilada-xUso terapéutico.996961 aCaraballo Ortega, Carmen.9349200 aColección de Vitacultura y Antroponomía9220813 aES-MaACLjL-2902 bR.103379 c146101d146101 00104070aATENEOMbATENEOMcDEPO2d2008-01-17eSCl0oL-2902p1152495r2023-02-23 00:00:00w2023-02-23yMONOGRAFIA